000
00243nam a22000857a 4500
008
161130b xxu||||| |||| 00| 0 eng d
100
_9
1589
_a
Watts,E
245
_a
Gul Mohar: Companion Teacher's Edition vth
260
_a
New Delhi
_b
Orient Longman
_c
2006
999
_c
4310
_d
4310